1898 1425 1085 1045 1986 1529 1903 1112 1964 1911 1644 1527 1878 1738 1849 1114 1518 1876 1758 1790 1143 1483 1302 1038 1870 1790 1512 1328 1321 1818 1453 1917 1471 1575 1714 1973 1684 1904 1051 1251 1893 1433 1357 1795 1828 1849 1545 1251 1558 1245 1190 1128 1674 1860 1975 1646 1152 1271 1841 1187 1679 1950 1802 1239 1027 1630 1703 1091 1791 1101 1063 1632 1826 1724 1970 1335 1949 1872 1485 1108 1595 1730 1497 1674 1773 1051 1523 1051 1588 1015 1687 1205 1635 1384 1187 1632 1231 1080 1183 BCNSPRNW ULIB Ver.6.0+V

เปลี่ยนเป็นภาษาไทย

Change to English
 แสดงรายละเอียดบรรณานุกรม
  กลับหน้าหลัก

Brief Record : Get Marc (ISO 2709) : E-mail record : QR code < ปิดหน้าต่าง
LEADER : 00000nam 2200000uu 4500
001    13399120619
003     ULIB
008    120928s2545||||th 000 0 tha d
020    ^a9742948526
020    ^a9789742948528
060 04 ^aWY152^bบ573ก 2545
245 00 ^aการพยาบาลผู้สูงอายุ /^cบรรณาธิการ, บุญศรี นุเกตุ,ปาลีรัตน์ พรทวีกัณทา และคณะ
250    ^aพิมพ์ครั้งที่ 1
260    ^aนนทบุรี :^bโครงการสวัสดิการวิชาการ สถาบันพระบรมราชชนก,^c2545
300    ^a[8], 243 หน้า :^bภาพประกอบ :^c26 ซม.
504    ^aดรรชนี
650  7 ^aการพยาบาลผู้สูงอายุ
650  7 ^aโรคเรื้อรัง
650  7 ^aผู้สูงอายุ
700 0  ^aบุญศรี นุเกตุ,^eบรรณาธิการ
700 0  ^aปาลีรัตน์ พรทวีกัณทา,^eบรรณาธิการ
710 2  ^aสถาบันพระบรมราชชนก. ^bโครงการสวัสดิการวิชาการ
945    ^p170^l0^i12010
945    ^p170^l0^i12008
945    ^p170^l0^i12013
945    ^p170^l0^i12014
945    ^p170^l0^i12009
945    ^p170^l0^i12012
945    ^p170^l0^i13896
945    ^p170^l0^i12017
945    ^p170^l0^i12016
945    ^p170^l0^i12011
995    ^aทศพร
999 ^a ใช้งานได้ทุกระบบ
รายการนี้ยังไม่มีแท็ก
คุณยังไม่ได้ล็อกอิน คุณสามารถมีกิจกรรมร่วมกับเว็บไซต์ได้ แต่ต้องล็อกอินก่อน ::
  ล็อกอิน

รายการสื่อสารสนเทศ

ลำดับที่ ประเภท เลขเรียก/บาร์โค้ด สถานที่ สถานะ
1. วิทยาศาสตร์การแพทย์ และสุขภาพ
วิทยาศาสตร์การแพทย์ และสุขภาพ
WY152 บ573ก 2545  
  Barcode: 12010
ห้องสมุดวิทยาเขตสวรรค์ประชารักษ์
►หนังสือทั่วไป
บนชั้น
2. วิทยาศาสตร์การแพทย์ และสุขภาพ
วิทยาศาสตร์การแพทย์ และสุขภาพ
WY152 บ573ก 2545 ฉ.10 
  Barcode: 12011
ห้องสมุดวิทยาเขตสวรรค์ประชารักษ์
►หนังสือทั่วไป
บนชั้น
3. วิทยาศาสตร์การแพทย์ และสุขภาพ
วิทยาศาสตร์การแพทย์ และสุขภาพ
WY152 บ573ก 2545 ฉ.2 
  Barcode: 12008
ห้องสมุดวิทยาเขตสวรรค์ประชารักษ์
►หนังสือทั่วไป
บนชั้น
4. วิทยาศาสตร์การแพทย์ และสุขภาพ
วิทยาศาสตร์การแพทย์ และสุขภาพ
WY152 บ573ก 2545 ฉ.3 
  Barcode: 12013
ห้องสมุดวิทยาเขตสวรรค์ประชารักษ์
►หนังสือทั่วไป
บนชั้น
5. วิทยาศาสตร์การแพทย์ และสุขภาพ
วิทยาศาสตร์การแพทย์ และสุขภาพ
WY152 บ573ก 2545 ฉ.4 
  Barcode: 12014
ห้องสมุดวิทยาเขตสวรรค์ประชารักษ์
►หนังสือทั่วไป
บนชั้น
6. วิทยาศาสตร์การแพทย์ และสุขภาพ
วิทยาศาสตร์การแพทย์ และสุขภาพ
WY152 บ573ก 2545 ฉ.5 
  Barcode: 12009
ห้องสมุดวิทยาเขตสวรรค์ประชารักษ์
►หนังสือทั่วไป
บนชั้น
7. วิทยาศาสตร์การแพทย์ และสุขภาพ
วิทยาศาสตร์การแพทย์ และสุขภาพ
WY152 บ573ก 2545 ฉ.6 
  Barcode: 12012
ห้องสมุดวิทยาเขตสวรรค์ประชารักษ์
►หนังสือทั่วไป
บนชั้น
8. วิทยาศาสตร์การแพทย์ และสุขภาพ
วิทยาศาสตร์การแพทย์ และสุขภาพ
WY152 บ573ก 2545 ฉ.7 
  Barcode: 13896
ห้องสมุดวิทยาเขตสวรรค์ประชารักษ์
►หนังสือทั่วไป
บนชั้น
9. วิทยาศาสตร์การแพทย์ และสุขภาพ
วิทยาศาสตร์การแพทย์ และสุขภาพ
WY152 บ573ก 2545 ฉ.8 
  Barcode: 12017
ห้องสมุดวิทยาเขตสวรรค์ประชารักษ์
►หนังสือทั่วไป
บนชั้น
10. วิทยาศาสตร์การแพทย์ และสุขภาพ
วิทยาศาสตร์การแพทย์ และสุขภาพ
WY152 บ573ก 2545 ฉ.9 
  Barcode: 12016
ห้องสมุดวิทยาเขตสวรรค์ประชารักษ์
►หนังสือทั่วไป
บนชั้น

รายการใกล้เคียง
    หัวเรื่อง [การพยาบาลผู้สูงอายุ]
    หัวเรื่อง [โรคเรื้อรัง]
    หัวเรื่อง [ผู้สูงอายุ]

BibComment


ยังไม่เคยถูกคอมเมนท์

คอมเมนท์ทรัพยากรรายการนี้
  คอมเมนท์: การพยาบาลผู้สูงอ..


 Copyright 2026. Bcnsprnw @Library